[Event "Tatry op"]
[Site "Tatranske Zruby"]
[Date "2012.09.30"]
[Round "9"]
[White "Kraml, Ivan"]
[Black "Klein, Gernot"]
[Result "0-1"]
[WhiteElo "1781"]
[BlackElo "1963"]
[PlyCount "84"]
[EventDate "2012.09.23"]
[EventType "swiss"]
[EventRounds "9"]
[EventCountry "SVK"]
[SourceTitle "CBM 150 Extra"]
[Source "ChessBase"]
[SourceDate "2012.10.19"]
[SourceVersion "1"]
[SourceVersionDate "2012.10.19"]
[SourceQuality "1"]

1. e4 c5 2. Nf3 e6 3. d4 cxd4 4. Nxd4 a6 5. Be2 Nf6 6. Bf3 Qc7 7. 0-0 Be7 8. c3 0-0 9. Be3 d6 10. Nd2 Nbd7 11. g3 Ne5 12. Bg2 Neg4 13. Qe1 Re8 14. f3 Nxe3 15. Qxe3 Bf8 16. Rac1 e5 17. Nc2 d5 18. Kh1 Bc5 19. Qe1 Bd7 20. a3 Rac8 21. Ne3 dxe4 22. Nxe4 Be7 23. Nxf6+ Bxf6 24. Nd5 Qd6 25. Nxf6+ Qxf6 26. c4 Bc6 27. Qc3 Rcd8 28. Rfd1 Rd6 29. Rxd6 Qxd6 30. Re1 f6 31. h3 Rd8 32. Qc2 Qd2 33. Re2 Qxc2 34. Rxc2 Rd3 35. Rf2 Kf7 36. g4 Ke6 37. Kg1 b5 38. f4 Bxg2 39. Kxg2 exf4 40. Rxf4 Rd2+ 41. Kg3 Rxb2 42. cxb5 axb5 0-1

[Event "Tatry op"]
[Site "Tatranske Zruby"]
[Date "2012.09.25"]
[Round "4"]
[White "Goga, Frantisek"]
[Black "Kraml, Ivan"]
[Result "1/2-1/2"]
[WhiteElo "1944"]
[BlackElo "1781"]
[PlyCount "60"]
[EventDate "2012.09.23"]
[EventType "swiss"]
[EventRounds "9"]
[EventCountry "SVK"]
[SourceTitle "EXT 2023"]
[Source "ChessBase"]
[SourceDate "2022.10.05"]
[SourceVersion "1"]
[SourceVersionDate "2022.10.05"]
[SourceQuality "1"]

1. e4 Nf6 2. e5 Nd5 3. d4 d6 4. c4 Nb6 5. f4 dxe5 6. fxe5 g6 7. Be3 Bg7 8. Nf3 Nc6 9. Be2 Bg4 10. Nbd2 e6 11. 0-0 0-0 12. h3 Bxf3 13. Nxf3 h6 14. Qd2 Kh7 15. Rad1 Qe7 16. a3 a5 17. Nh2 Rad8 18. Qc2 Qe8 19. Ng4 h5 20. Nf6+ Bxf6 21. Rxf6 Nd7 22. Rf2 f5 23. exf6 Nxf6 24. d5 exd5 25. Bg5 Rd6 26. Bxf6 Rdxf6 27. Rxf6 Rxf6 28. cxd5 Nd4 29. Rxd4 Qe3+ 30. Kh1 Qxd4 1/2-1/2

[Event "Tatry op"]
[Site "Tatranske Zruby"]
[Date "2012.09.24"]
[Round "2"]
[White "Andras, Anton"]
[Black "Kraml, Ivan"]
[Result "0-1"]
[WhiteElo "1636"]
[BlackElo "1781"]
[PlyCount "79"]
[EventDate "2012.09.23"]
[EventType "swiss"]
[EventRounds "9"]
[EventCountry "SVK"]
[SourceTitle "EXT 2023"]
[Source "ChessBase"]
[SourceDate "2022.10.05"]
[SourceVersion "1"]
[SourceVersionDate "2022.10.05"]
[SourceQuality "1"]

1. e4 Nf6 2. e5 Nd5 3. d4 d6 4. exd6 cxd6 5. c4 Nf6 6. Nc3 g6 7. Nf3 Bg7 8. Bd3 0-0 9. Bg5 Nbd7 10. 0-0 Re8 11. Re1 Nf8 12. Qd2 Ne6 13. Bh6 b6 14. Bxg7 Kxg7 15. Ne4 Nxe4 16. Bxe4 Rb8 17. d5 Nc5 18. Bc2 a5 19. Qf4 Nd7 20. Ba4 Rf8 21. Bxd7 Qxd7 22. b3 Rb7 23. Ng5 Qf5 24. Qxf5 Bxf5 25. Re3 h6 26. Nf3 e6 27. dxe6 fxe6 28. Nd4 e5 29. Nb5 Rd7 30. Rd1 Rfd8 31. f3 h5 32. h3 h4 33. Re2 Kf7 34. Red2 Ke7 35. Kf2 g5 36. Rg1 d5 37. Rgd1 d4 38. Re1 Kf6 39. Na3 Rc7 40. Nb5 0-1